000 00745nam a2200241Ia 4500
003 OSt
005 20220923222932.0
006 a|||||r|||| 00| 0
007 ta
008 220922b |||||||| |||| 00| 0 hin d
024 _a208,821
037 _cTextual
040 _aARTS
_cARTS
_bhin
041 _2hin
_ahin
082 _aO152,3N47x, N4
100 _aकोछड़, कुलवंत
_9156318
245 0 _aमन कुरुक्षेत्र
246 _ahin kurukṣhetra
260 _aदिल्ली
_b हिमाचल पुस्तक भंडार
_c1994
300 _a120पृ.
_ccm.
942 _hO152,3N47x, N4
_cTEXL
_2CC
999 _c359408
_d359408